| 000 | 00467nam a2200193Ia 4500 | ||
|---|---|---|---|
| 005 | 20240823052958.0 | ||
| 008 | 240823s9999||||xx |||||||||||||| ||und|| | ||
| 020 | _a978-1-107-10232-3 | ||
| 041 | _aENGLISH | ||
| 082 | _A621.3821 Q5 | ||
| 100 | _aRahul Vaze | ||
| 245 | 0 | _aRandom Wireless Networks | |
| 250 | _a1st | ||
| 260 |
_c2015 _bCambridge University Pres |
||
| 500 | _aYES | ||
| 650 |
_aWireless Networks _bElectronics |
||
| 942 | _cBK | ||
| 999 |
_c223125 _d223125 |
||